000 00252nam a2200109Ia 4500
005 20251222144750.0
008 251222s9999||||xx |||||||||||||| ||spa||
082 _a910.9/K56
245 0 _aPaĆ­ses del Mundo
264 _bKindersley Dorling
942 _cLIB
999 _c19318
_d19318